[Event "Sparkassen-Open A"]
[Site "Heusenstamm, Martinsee"]
[Date "2015.11.29"]
[Round "6.49"]
[White "Calder, Dennis"]
[Black "Mueller, Thorsten"]
[Result "0-1"]
[WhiteElo "2000"]
[BlackElo "2112"]
[PlyCount "88"]
[EventDate "2015.??.??"]
[WhiteTeam "SC Bad Nauheim"]
[BlackTeam "VSG Offenbach"]

1. d4 d5 2. c4 c6 3. Nf3 Nf6 4. Nc3 e6 5. e3 Nbd7 6. Bd3 dxc4 7. Bxc4 b5 8. Bd3
Bb7 9. O-O a6 10. e4 b4 11. Na4 c5 12. dxc5 Bxc5 13. Qe2 O-O 14. Bg5 h6 15.
Bxf6 Qxf6 16. Rac1 Bd6 17. Rfd1 Rfd8 18. g3 a5 19. Bb5 Nf8 20. Nb6 Rab8 21. Bc6
Bxc6 22. Rxc6 Be5 23. Rxd8 Rxd8 24. Nxe5 Qxe5 25. Nc4 Qb5 26. Rb6 Qc5 27. b3
Rd4 28. Rb7 Nd7 29. Qe3 Nf6 30. Rb8+ Kh7 31. Kg2 Ng4 32. Qf3 Ne5 33. Nxe5 Qxe5
34. Ra8 f6 35. Ra7 Rd2 36. Qg4 f5 37. exf5 exf5 38. Qf3 Rxa2 39. Rf7 Kg6 40.
Rf8 Rc2 41. g4 Rc3 42. gxf5+ Kg5 43. Qa8 Qd4 44. Qb7 Qg4+ 0-1

[Event "Sparkassen-Open A"]
[Site "Heusenstamm, Martinsee"]
[Date "2015.11.29"]
[Round "6.50"]
[White "Berkes, Jörg"]
[Black "Büse, Ralf"]
[Result "1-0"]
[WhiteElo "1789"]
[BlackElo "1962"]
[PlyCount "61"]
[EventDate "2015.??.??"]
[WhiteTeam "SK Langen"]
[BlackTeam "SC Groß-Zimmern"]

1. Nf3 Nf6 2. g3 g6 3. Bg2 Bg7 4. O-O d6 5. d3 O-O 6. e4 c5 7. c3 Nc6 8. Re1 e5
9. Nbd2 h6 10. Nh4 d5 11. exd5 Nxd5 12. Qb3 Nce7 13. Nc4 Qc7 14. Nxe5 Be6 15.
c4 Bxe5 16. cxd5 Bc8 17. Bxh6 Re8 18. Nf3 Bg7 19. Bf4 Qd8 20. d6 Nf5 21. Ng5
Rf8 22. Bd5 Nd4 23. Bxf7+ Kh8 24. Qd5 Bg4 25. Bxg6 Qf6 26. Nf7+ Rxf7 27. Qxf7
Nf3+ 28. Kg2 Nxe1+ 29. Rxe1 Qxf7 30. Bxf7 Bxb2 31. Rb1 1-0

[Event "Sparkassen-Open A"]
[Site "Heusenstamm, Martinsee"]
[Date "2015.11.29"]
[Round "6.51"]
[White "Cichy, Michael"]
[Black "Libuda, Thomas"]
[Result "1-0"]
[WhiteElo "1957"]
[BlackElo "1846"]
[PlyCount "49"]
[EventDate "2015.??.??"]
[WhiteTeam "SC BS Gliesmarode"]
[BlackTeam "1. Hainstadter SC"]

1. d4 g6 2. Nf3 Bg7 3. c4 Nf6 4. Nc3 O-O 5. e4 d6 6. Be2 Na6 7. O-O c5 8. d5
Nc7 9. a4 a6 10. h3 h6 11. Re1 Re8 12. Bf4 Kh7 13. e5 Nh5 14. Bh2 dxe5 15. Nxe5
Rf8 16. Bxh5 Bxe5 17. Bxe5 gxh5 18. Qxh5 e6 19. Bf4 Qf6 20. Bxc7 Rg8 21. Be5
Qe7 22. d6 Qf8 23. Ne4 Rg6 24. Nf6+ Kg7 25. Nd7+ 1-0

[Event "Sparkassen-Open A"]
[Site "Heusenstamm, Martinsee"]
[Date "2015.11.29"]
[Round "6.52"]
[White "Wolff, Peter"]
[Black "Berner, Manfred"]
[Result "1-0"]
[WhiteElo "1957"]
[BlackElo "1761"]
[PlyCount "115"]
[EventDate "2015.??.??"]
[WhiteTeam "VSG Offenbach"]
[BlackTeam "Sfr. Kelkheim"]

1. c4 e5 2. g3 Nf6 3. Bg2 d5 4. cxd5 Nxd5 5. Nc3 Nb6 6. Nf3 Nc6 7. d3 Be7 8.
Rb1 O-O 9. a3 a5 10. O-O Be6 11. Be3 Nd5 12. Nxd5 Bxd5 13. Rc1 Bf6 14. Qa4 Re8
15. Rfd1 Nd4 16. Bxd4 exd4 17. Re1 Ra6 18. Rc5 Bc6 19. Qc2 Qd7 20. Nd2 Bxg2 21.
Kxg2 c6 22. Ne4 Bd8 23. Rh5 Qg4 24. Qc5 g6 25. Re5 Rxe5 26. Qxe5 Qd7 27. Rc1
Rb6 28. Rc2 Rb5 29. Qf4 Be7 30. Qd2 Rh5 31. h4 Kg7 32. Qf4 Rb5 33. Nd2 g5 34.
hxg5 Bxg5 35. Qe4 Bf6 36. Qf3 h5 37. Ne4 Be7 38. Kg1 Rf5 39. Qg2 Re5 40. Kf1
Qe6 41. f4 Rb5 42. Qf3 Qb3 43. Rd2 Qe6 44. Rc2 Qg6 45. Ke1 h4 46. g4 f5 47. Nf2
fxg4 48. Nxg4 Rh5 49. e3 dxe3 50. Rg2 Kf8 51. Ne5 Qh7 52. Qg4 Rxe5 53. fxe5 Bc5
54. Qc8+ Kf7 55. Qd7+ Be7 56. Rg5 h3 57. Rf5+ Kg6 58. Qe6+ 1-0

[Event "Sparkassen-Open A"]
[Site "Heusenstamm, Martinsee"]
[Date "2015.11.29"]
[Round "6.53"]
[White "Modric, Vladimir"]
[Black "Klebs, Sebastian"]
[Result "1-0"]
[WhiteElo "1945"]
[BlackElo "1828"]
[PlyCount "99"]
[EventDate "2015.??.??"]
[WhiteTeam "SC Nied"]
[BlackTeam "Karlsruher SF"]

1. d4 d5 2. Nf3 e6 3. e3 c5 4. c3 Nc6 5. Bd3 Nf6 6. Nbd2 Bd6 7. O-O O-O 8. dxc5
Bxc5 9. Qe2 Qc7 10. e4 Ne5 11. Nxe5 Qxe5 12. Nf3 Qh5 13. e5 Nd7 14. Bf4 f6 15.
exf6 Nxf6 16. Rae1 a6 17. b4 Ba7 18. a4 Ne4 19. Bxe4 Rxf4 20. Bc2 Bb8 21. Ne5
Qxe2 22. Rxe2 Bxe5 23. Rxe5 Bd7 24. Bb3 b5 25. a5 Rc8 26. Re3 Kf7 27. g3 Rf6
28. f4 Re8 29. f5 Kf8 30. fxe6 Rxf1+ 31. Kxf1 Bxe6 32. Kf2 Kf7 33. Rd3 Rd8 34.
Ke3 Ke7 35. Kd4 Rd6 36. Kc5 d4 37. Bxe6 Rxe6 38. cxd4 Kd7 39. d5 Rd6 40. Rf3
Rh6 41. h4 Ke7 42. Re3+ Kd7 43. Re6 Rxe6 44. dxe6+ Kxe6 45. Kb6 Kd6 46. g4 g6
47. g5 Kd5 48. Kxa6 Kc6 49. Ka7 Kc7 50. a6 1-0

[Event "Sparkassen-Open A"]
[Site "Heusenstamm, Martinsee"]
[Date "2015.11.29"]
[Round "6.54"]
[White "Müller, Gerhard"]
[Black "Bengsch, Norbert"]
[Result "1/2-1/2"]
[WhiteElo "1938"]
[BlackElo "1800"]
[PlyCount "49"]
[EventDate "2015.??.??"]
[WhiteTeam "SV Mainz-Mombach"]
[BlackTeam "SG Donautal Tuttlingen"]

1. e4 e6 2. d4 d5 3. Nc3 Bb4 4. exd5 exd5 5. a3 Bxc3+ 6. bxc3 Ne7 7. Nf3 O-O 8.
Bd3 Bf5 9. Bg5 f6 10. Be3 Re8 11. O-O Qd7 12. Rb1 Bxd3 13. Qxd3 b6 14. h3 Nf5
15. Bf4 Nd6 16. Rfe1 Nc6 17. Bxd6 Qxd6 18. c4 Na5 19. cxd5 Qxd5 20. Nh4 Rad8
21. Nf5 Qc4 22. Qg3 g6 23. Nh6+ Kg7 24. Nf5+ Kf8 25. Qh4 1/2-1/2

[Event "Sparkassen-Open A"]
[Site "Heusenstamm, Martinsee"]
[Date "2015.11.29"]
[Round "6.55"]
[White "Ovsepyan, Mikhail"]
[Black "Pabel, Ralph"]
[Result "1/2-1/2"]
[WhiteElo "1785"]
[BlackElo "1938"]
[PlyCount "110"]
[EventDate "2015.??.??"]
[WhiteTeam "SF Frankfurt"]
[BlackTeam "SK Mainaschaff"]

1. e4 g6 2. d4 Bg7 3. c3 d6 4. Nf3 c6 5. Be2 Nd7 6. Bf4 Qb6 7. Qc2 e5 8. Be3
Qc7 9. O-O Nf8 10. Nbd2 Ne6 11. Rad1 Nf4 12. Bxf4 exf4 13. Nc4 b5 14. Ncd2 a6
15. Rfe1 Ne7 16. e5 d5 17. b3 O-O 18. Rc1 Qa7 19. c4 h6 20. cxd5 cxd5 21. Bd3
Nf5 22. Qc5 Ne7 23. b4 Be6 24. Qc7 Nf5 25. Qxa7 Rxa7 26. Nb3 Re8 27. Rc2 Bf8
28. a3 Ne7 29. Rec1 Rea8 30. Nfd2 Kg7 31. g3 fxg3 32. hxg3 Nc8 33. Nc5 Bxc5 34.
dxc5 Ne7 35. Nf3 Nc6 36. Re1 Re8 37. Rd2 Rae7 38. Be2 Bf5 39. Rxd5 Nxe5 40.
Nxe5 Rxe5 41. Rxe5 Rxe5 42. Kg2 Kf6 43. Kf3 h5 44. Kg2 Re4 45. c6 Ke7 46. f3
Re6 47. Kf2 Kd6 48. Rc1 Kc7 49. Ra1 Bc2 50. f4 Rxc6 51. Bf3 Rc4 52. Bd5 Rd4 53.
Bxf7 Kb6 54. Rc1 Bf5 55. Rc3 Rd7 1/2-1/2

[Event "Sparkassen-Open A"]
[Site "Heusenstamm, Martinsee"]
[Date "2015.11.29"]
[Round "6.56"]
[White "Winand, Edgar"]
[Black "Hauk, Roland"]
[Result "1-0"]
[WhiteElo "1922"]
[BlackElo "1771"]
[PlyCount "71"]
[EventDate "2015.??.??"]
[WhiteTeam "SC Flörsheim"]
[BlackTeam "SK Endingen"]

1. g4 e5 2. d3 Nc6 3. Bg2 Bc5 4. Nc3 Nge7 5. e4 Ng6 6. Nd5 d6 7. h3 Be6 8. Be3
Bxe3 9. fxe3 Qh4+ 10. Kf1 Qd8 11. Nf3 Qd7 12. Qd2 O-O-O 13. c4 Nb8 14. Qa5 Nc6
15. Qc3 Kb8 16. b4 Bxd5 17. cxd5 Nce7 18. Qb3 h5 19. g5 h4 20. Ke2 Rhf8 21. b5
b6 22. a4 Kb7 23. a5 Ra8 24. Rhc1 a6 25. bxa6+ Rxa6 26. axb6 Rxb6 27. Qa3 Rb8
28. Rc2 Kc8 29. Rac1 c5 30. dxc6 Nxc6 31. Nd2 Kd8 32. Nc4 Rb4 33. Qa6 Ke7 34.
Nxd6 Rb2 35. Nf5+ Kf8 36. Qa3+ $138 1-0

[Event "Sparkassen-Open A"]
[Site "Heusenstamm, Martinsee"]
[Date "2015.11.29"]
[Round "6.57"]
[White "Thomele, Michael"]
[Black "Bunjaku, Lulzim"]
[Result "1-0"]
[WhiteElo "1919"]
[BlackElo "1766"]
[PlyCount "149"]
[EventDate "2015.??.??"]
[WhiteTeam "SC Obernau"]
[BlackTeam "SC Heusenstamm"]

1. e4 c5 2. Nf3 Nc6 3. d4 cxd4 4. Nxd4 g6 5. Nc3 Bg7 6. Be3 e6 7. Qd2 a6 8. f3
Nge7 9. Bc4 O-O 10. g4 Bxd4 11. Bxd4 Nxd4 12. Qxd4 Nc6 13. Qf2 Qa5 14. O-O-O b5
15. Bb3 Rb8 16. h4 Qc7 17. h5 Qf4+ 18. Kb1 Ne5 19. Rhf1 a5 20. Ne2 Qf6 21. Qa7
Nc6 22. Qe3 a4 23. g5 Qe7 24. f4 axb3 25. axb3 Ba6 26. Rh1 b4 27. Ng3 f5 28.
Rh2 Kg7 29. Rdh1 Rh8 30. Rd1 Rbd8 31. Qb6 Bc8 32. Re2 Rhf8 33. exf5 gxf5 34.
Rh1 Qd6 35. Qf2 Qd4 36. h6+ Kh8 37. Qf3 Ne7 38. Rhe1 Ng6 39. Nh5 Ba6 40. Re3
Bb5 41. Rd1 Qc5 42. Ree1 Bc6 43. Qd3 Be4 44. Qd4+ Qxd4 45. Rxd4 d5 46. Rxb4 Rb8
47. Ra4 Ra8 48. Rf1 Rfc8 49. Rf2 Kg8 50. Nf6+ Kf7 51. Nxh7 Rxa4 52. bxa4 d4 53.
b3 Rc3 54. Kb2 Rf3 55. Rd2 d3 56. cxd3 Bxd3 57. Nf6 Nxf4 58. Nd7 Re3 59. Rh2
Ng6 60. Ka3 Bc4 61. Rb2 f4 62. Kb4 Bxb3 63. a5 Bd5 64. Nf6 Ba8 65. Rc2 Ne5 66.
Rc8 Be4 67. Rc7+ Kg6 68. h7 Rh3 69. Nxe4 Kf5 70. Nf2 Rh2 71. a6 Kxg5 72. a7
Rxh7 73. Rxh7 Nc6+ 74. Kc3 Nxa7 75. Rxa7 1-0

[Event "Sparkassen-Open A"]
[Site "Heusenstamm, Martinsee"]
[Date "2015.11.29"]
[Round "6.58"]
[White "Rüll, Michael"]
[Black "Bittner, Peter"]
[Result "1-0"]
[WhiteElo "1759"]
[BlackElo "1912"]
[PlyCount "51"]
[EventDate "2015.??.??"]
[WhiteTeam "SC Obertshausen"]
[BlackTeam "SC Nied"]

1. d4 Nf6 2. Bf4 d6 3. Nf3 g6 4. e3 Bg7 5. Be2 O-O 6. h3 Bd7 7. Nbd2 Bc6 8. O-O
e6 9. Re1 Nbd7 10. c3 h6 11. Bd3 Nd5 12. Bh2 f5 13. e4 N5f6 14. exf5 exf5 15.
Nh4 Kh7 16. Nxg6 Kxg6 17. Bxf5+ Kf7 18. Be6+ Ke7 19. Bb3+ Ne5 20. dxe5 dxe5 21.
Bxe5 Kd7 22. Ne4+ Kc8 23. Qxd8+ Kxd8 24. Rad1+ Kc8 25. Nxf6 Bxf6 26. Be6+ 1-0

[Event "Sparkassen-Open A"]
[Site "Heusenstamm, Martinsee"]
[Date "2015.11.29"]
[Round "6.59"]
[White "Rochau, Normen"]
[Black "Zerhusen, Martin"]
[Result "1/2-1/2"]
[WhiteElo "1912"]
[BlackElo "1762"]
[PlyCount "95"]
[EventDate "2015.??.??"]
[WhiteTeam "Karlsruher SF"]
[BlackTeam "SV Oberursel"]

1. e4 c5 2. Nf3 d6 3. d4 cxd4 4. Nxd4 Nc6 5. Nc3 Bd7 6. Be3 Nf6 7. Be2 g6 8.
O-O Bg7 9. Kh1 O-O 10. f4 a6 11. Nb3 Be6 12. Bf3 Qc7 13. Nd5 Bxd5 14. exd5 Nb8
15. Qd2 Nbd7 16. Qf2 Rfc8 17. c3 Kf8 18. Bd4 Qc4 19. Nd2 Qc7 20. Rfe1 Re8 21.
Rad1 Rac8 22. Ne4 Qa5 23. Nxf6 Bxf6 24. a3 Bxd4 25. Qxd4 Nf6 26. f5 Qc5 27. Qf4
Kg7 28. Rd2 Rc7 29. Red1 Nd7 30. Rd4 Ne5 31. Qg3 Rg8 32. fxg6 hxg6 33. Rh4 Rh8
34. Rxh8 Kxh8 35. Rd4 Kg7 36. h3 Qb5 37. Rb4 Qf1+ 38. Kh2 Nd3 39. Rh4 Ne5 40.
Be4 Qc1 41. Qf2 Rc5 42. Bf3 Rb5 43. Rb4 Rxb4 44. axb4 Qf4+ 45. Kg1 Qc1+ 46. Kh2
Qf4+ 47. Kg1 Qc1+ 48. Kh2 1/2-1/2

[Event "Sparkassen-Open A"]
[Site "Heusenstamm, Martinsee"]
[Date "2015.11.29"]
[Round "6.60"]
[White "Foskanyan, Serzhik"]
[Black "Falkenhainer, Sven"]
[Result "0-1"]
[WhiteElo "1911"]
[BlackElo "1736"]
[PlyCount "78"]
[EventDate "2015.??.??"]
[WhiteTeam "SV Mainz-Mombach"]
[BlackTeam "SC Bergen-Enkheim"]

1. e4 e6 2. d4 d5 3. exd5 exd5 4. Nf3 Nf6 5. Bd3 Bd6 6. Bg5 O-O 7. O-O Bg4 8.
c3 Nbd7 9. Nbd2 c6 10. Qc2 h6 11. Bh4 Qc7 12. Bg3 Rae8 13. b4 Bxf3 14. Nxf3
Bxg3 15. fxg3 Ng4 16. Qb3 Ne3 17. Rfe1 Nb6 18. a4 Ng4 19. a5 Nc8 20. b5 Rxe1+
21. Rxe1 Qxa5 22. h3 Nf6 23. Ne5 Qc7 24. bxc6 bxc6 25. Qd1 Nd6 26. Qf3 Nfe4 27.
h4 a5 28. c4 Nd2 29. Qg4 dxc4 30. Bc2 Re8 31. Re2 c3 32. Rf2 Qb7 33. Rf6 Qb2
34. Bd3 c2 35. Nxf7 c1=Q+ 36. Kh2 Nxf7 37. Qg6 Qb3 38. Qh7+ Kf8 39. Qh8+ Ke7
0-1

[Event "Sparkassen-Open A"]
[Site "Heusenstamm, Martinsee"]
[Date "2015.11.29"]
[Round "6.61"]
[White "Lasschuit, Rene"]
[Black "Lotz, Ralf"]
[Result "0-1"]
[WhiteElo "1726"]
[BlackElo "1904"]
[PlyCount "58"]
[EventDate "2015.??.??"]
[WhiteTeam "SV Berolina Mitte"]
[BlackTeam "SC Obertshausen"]

1. d4 Nf6 2. Nf3 g6 3. Bf4 d6 4. e3 Bg7 5. Be2 O-O 6. O-O b6 7. c4 c5 8. dxc5
bxc5 9. Nc3 Bb7 10. Qc2 Nc6 11. Rad1 Qc8 12. e4 Nb4 13. Qb1 Qg4 14. g3 h6 15.
Nd5 Nbxd5 16. exd5 g5 17. Bc1 Bc8 18. Rfe1 Qh3 19. Bf1 Qh5 20. Bg2 Bg4 21. Qd3
Nd7 22. Rd2 Rae8 23. Qa3 f5 24. h3 Bxh3 25. Bxh3 Qxh3 26. Rde2 f4 27. Nd2 Bd4
28. Qf3 fxg3 29. Qxg3 Qxg3+ 0-1

[Event "Sparkassen-Open A"]
[Site "Heusenstamm, Martinsee"]
[Date "2015.11.29"]
[Round "6.62"]
[White "Köllner, Felicitas Ophelia"]
[Black "Haftmann, Rainer"]
[Result "1/2-1/2"]
[WhiteElo "1682"]
[BlackElo "1866"]
[PlyCount "93"]
[EventDate "2015.??.??"]
[WhiteTeam "SV Bergneustadt/Derschlag"]
[BlackTeam "SG Dietzenbach"]

1. d4 Nf6 2. Nf3 e6 3. e3 d5 4. Bd3 Bd6 5. O-O O-O 6. Nbd2 Nbd7 7. c3 b6 8. e4
dxe4 9. Nxe4 Bb7 10. Nxd6 cxd6 11. Re1 h6 12. Bf4 d5 13. Ne5 Nxe5 14. Bxe5 Nd7
15. Bf4 Nf6 16. Qf3 Ne4 17. Qg4 f5 18. Qh5 Qe8 19. Qxe8 Raxe8 20. f3 g5 21. Be5
Nf6 22. Bd6 Rf7 23. Bb5 Nd7 24. Re2 a6 25. Bd3 Rf6 26. a4 Kf7 27. a5 b5 28. b3
h5 29. h3 Rc8 30. Rc1 Rc6 31. Ba3 Nf8 32. Rf2 Ng6 33. g3 h4 34. g4 Nf4 35. Bf1
Ng6 36. Bd3 fxg4 37. Bxg6+ Kxg6 38. fxg4 Rxf2 39. Kxf2 Rc8 40. Kg2 e5 41. Kf2
exd4 42. cxd4 Rxc1 43. Bxc1 Kf6 44. b4 Bc6 45. Bd2 Be8 46. Bc1 Bg6 47. Bd2
1/2-1/2

[Event "Sparkassen-Open A"]
[Site "Heusenstamm, Martinsee"]
[Date "2015.11.29"]
[Round "6.63"]
[White "Eg, Karlheinz"]
[Black "van Foreest, Pieter"]
[Result "1-0"]
[WhiteElo "1861"]
[BlackElo "1661"]
[PlyCount "89"]
[EventDate "2015.??.??"]
[WhiteTeam "SV Rüsselsheim"]
[BlackTeam "vereinslos"]

1. e4 e5 2. Nf3 Nc6 3. Bb5 a6 4. Ba4 Nf6 5. O-O Be7 6. Re1 b5 7. Bb3 d6 8. c3
Bg4 9. d3 Na5 10. Bc2 c5 11. Nbd2 Nc6 12. Nf1 Qd7 13. Ng3 h5 14. h3 h4 15. Nf1
Bh5 16. a4 Rb8 17. Ne3 g5 18. Nf5 Rh7 19. Bxg5 Ng8 20. Be3 Bf6 21. axb5 axb5
22. d4 cxd4 23. cxd4 exd4 24. Bxd4 Bxf3 25. Qxf3 Nxd4 26. Nxd4 Bxd4 27. e5 Rh6
28. Ra8 Rd8 29. Bf5 Qe7 30. Rxd8+ Qxd8 31. Qg4 Ne7 32. exd6 Re6 33. Bxe6 Qxd6
34. Qh5 Qf4 35. Re2 Qc1+ 36. Kh2 Qf4+ 37. Kg1 Qc1+ 38. Kh2 Qf4+ 39. g3 hxg3+
40. fxg3 Qf1 41. Rg2 Ng6 42. Bd7+ Kxd7 43. Qd5+ Ke7 44. Qxd4 Qf5 45. Rf2 1-0

[Event "Sparkassen-Open A"]
[Site "Heusenstamm, Martinsee"]
[Date "2015.11.29"]
[Round "6.64"]
[White "Ciesla, Daniel"]
[Black "Bitzer, André"]
[Result "0-1"]
[WhiteElo "1848"]
[BlackElo "1617"]
[PlyCount "104"]
[EventDate "2015.??.??"]
[WhiteTeam "SG Hermeskeil"]
[BlackTeam "SV Griesheim"]

1. d4 Nf6 2. Nc3 d5 3. Bg5 c6 4. e3 Bf5 5. Bd3 Bxd3 6. Qxd3 Nbd7 7. Nf3 Qc7 8.
Bf4 Qb6 9. Rb1 Nh5 10. Bg3 Nxg3 11. hxg3 g6 12. e4 dxe4 13. Nxe4 Bg7 14. c3 h6
15. Qc4 Qc7 16. Rd1 Nb6 17. Qb3 e6 18. O-O O-O-O 19. Rfe1 Rd5 20. c4 Rd7 21. c5
Nd5 22. Nd6+ Kb8 23. Ne5 Bxe5 24. dxe5 Qa5 25. Rc1 Qb4 26. Qxb4 Nxb4 27. Re4
Nd5 28. b4 a6 29. a3 Kc7 30. Rc2 Re7 31. Rd2 Rf8 32. Rd3 f5 33. Rh4 Rh7 34. Rf3
g5 35. Rh5 Ne7 36. Rd3 Rd8 37. f4 g4 38. Kf2 Nd5 39. Rb3 Ra8 40. Ke1 b6 41. Kd2
b5 42. Rh1 a5 43. Rhb1 h5 44. Ke2 axb4 45. axb4 h4 46. Kf2 h3 47. Kg1 hxg2 48.
Kxg2 Rah8 49. Rg1 Rh2+ 50. Kf1 Ra2 51. Nf7 Rhh2 52. Rb1 Ne3+ 0-1

[Event "Sparkassen-Open A"]
[Site "Heusenstamm, Martinsee"]
[Date "2015.11.29"]
[Round "6.65"]
[White "Schmidt, Markus a"]
[Black "Reinhold, Günther"]
[Result "1-0"]
[WhiteElo "2118"]
[BlackElo "1713"]
[PlyCount "51"]
[EventDate "2015.??.??"]
[WhiteTeam "SK Turm Bad Hersfeld"]
[BlackTeam "Frankfurter TV"]

1. Nf3 Nf6 2. g3 e6 3. Bg2 d5 4. O-O c5 5. c4 Nc6 6. cxd5 Nxd5 7. Nc3 Be7 8. d4
Nxc3 9. bxc3 O-O 10. e4 cxd4 11. cxd4 Bf6 12. Be3 Bd7 13. Rb1 Bc8 14. Qd2 Rb8
15. Rfc1 Qd7 16. d5 exd5 17. exd5 Ne5 18. Nxe5 Bxe5 19. Bxa7 Ra8 20. Bc5 Rd8
21. Re1 Bd6 22. Bd4 Qa4 23. Qg5 Qxd4 24. Qxd8+ Bf8 25. Re8 Qc5 26. d6 1-0

[Event "Sparkassen-Open A"]
[Site "Heusenstamm, Martinsee"]
[Date "2015.11.29"]
[Round "6.66"]
[White "Traut, Stefan"]
[Black "Zirlik, Rudi"]
[Result "1/2-1/2"]
[WhiteElo "1687"]
[BlackElo "1937"]
[PlyCount "119"]
[EventDate "2015.??.??"]
[WhiteTeam "SF Heusenstamm"]
[BlackTeam "SV Unterkochen"]

1. d4 f5 2. Bg5 Nf6 3. Bxf6 exf6 4. Nf3 d5 5. e3 Bd6 6. c4 Be6 7. b3 c6 8. Bd3
g6 9. O-O O-O 10. Nc3 Nd7 11. Qe2 a6 12. Rfc1 Rc8 13. cxd5 cxd5 14. Rc2 Qe7 15.
Na4 b5 16. Nb2 Nb6 17. Rac1 Rxc2 18. Rxc2 Bd7 19. h3 Re8 20. Qf1 Qg7 21. Nd2 g5
22. Qd1 g4 23. hxg4 fxg4 24. g3 h5 25. Qe1 Qg5 26. Nf1 Re7 27. Re2 f5 28. Nd1
Rh7 29. Nd2 h4 30. f4 gxf3 31. Nxf3 Qg7 32. Ne5 hxg3 33. Rg2 Bxe5 34. dxe5 Qxe5
35. Rxg3+ Kh8 36. Qf2 Qxg3+ 37. Qxg3 Rg7 38. Kg2 Rxg3+ 39. Kxg3 Kg7 40. Kf4 Kf6
41. Nc3 Be6 42. Ne2 Nc8 43. Nd4 Nd6 44. Nxe6 Kxe6 45. Bc2 b4 46. Bd3 a5 47. Bc2
Ne4 48. Bd3 Nc3 49. Bxf5+ Kd6 50. Bc2 Nxa2 51. e4 dxe4 52. Kxe4 Kc5 53. Kd3 Kb5
54. Bd1 Nc3 55. Bh5 a4 56. Be8+ Ka5 57. bxa4 Nxa4 58. Bf7 Nb6 59. Kc2 Kb5 60.
Kb2 1/2-1/2

[Event "Sparkassen-Open A"]
[Site "Heusenstamm, Martinsee"]
[Date "2015.11.29"]
[Round "6.67"]
[White "Wehr, Jan"]
[Black "Larem, Peter"]
[Result "0-1"]
[WhiteElo "1713"]
[BlackElo "1860"]
[PlyCount "34"]
[EventDate "2015.??.??"]
[WhiteTeam "Krefelder SK Turm"]
[BlackTeam "SG Rödermark"]

1. Nf3 Nf6 2. g3 g6 3. b3 Bg7 4. Bb2 O-O 5. Bg2 d6 6. d4 Nc6 7. O-O Re8 8. c4
Bf5 9. Nbd2 Qc8 10. d5 Nd8 11. Re1 e5 12. dxe6 Nxe6 13. Nh4 Ng5 14. Nxf5 Qxf5
15. e3 Ng4 16. Bxg7 Nh3+ 17. Kh1 Ngxf2# 0-1

[Event "Sparkassen-Open A"]
[Site "Heusenstamm, Martinsee"]
[Date "2015.11.29"]
[Round "6.68"]
[White "Weber, Detlef"]
[Black "Mager, Thomas"]
[Result "0-1"]
[WhiteElo "1644"]
[BlackElo "1838"]
[PlyCount "124"]
[EventDate "2015.??.??"]
[WhiteTeam "SC Höxter"]
[BlackTeam "vereinslos"]

1. e4 e6 2. d4 d5 3. Nd2 Nf6 4. e5 Nfd7 5. Ngf3 c5 6. c3 Nc6 7. Nb3 cxd4 8.
cxd4 f6 9. exf6 Nxf6 10. Be2 Bd6 11. O-O O-O 12. Bg5 Qc7 13. Bh4 Bd7 14. Bg3
Be8 15. Nc5 Bf7 16. Ng5 Nxd4 17. Nxf7 Rxf7 18. Qxd4 Qxc5 19. Qxc5 Bxc5 20. Rac1
Bb6 21. Bf3 Rd8 22. Rfe1 Re7 23. Re2 Bd4 24. h3 e5 25. Rd1 Kf7 26. Rc2 Bb6 27.
Bh4 e4 28. Be2 d4 29. Bc4+ Kf8 30. Bxf6 gxf6 31. Bb3 d3 32. Rc4 Bd4 33. Kf1
Bxb2 34. g3 Bd4 35. Kg2 Bb6 36. h4 f5 37. Rd2 Rc7 38. Rxc7 Bxc7 39. Be6 f4 40.
gxf4 Bxf4 41. Rd1 h6 42. Bf5 Rd4 43. f3 exf3+ 44. Kxf3 d2 45. h5 Bg5 46. Bc2
Ke7 47. Rb1 b6 48. Bd1 Kd6 49. Ke2 Kc5 50. Rb2 Re4+ 51. Kd3 Re1 52. Rb1 b5 53.
a3 a5 54. Ra1 Re3+ 55. Kc2 Rg3 56. Ra2 Kd4 57. Ra1 Rc3+ 58. Kb2 Be7 59. Be2 b4
60. axb4 Bxb4 61. Bb5 Rc5 62. Ba4 Bc3+ 0-1

[Event "Sparkassen-Open A"]
[Site "Heusenstamm, Martinsee"]
[Date "2015.11.29"]
[Round "6.69"]
[White "Bahlke, Florian"]
[Black "Leichum, Engelbert"]
[Result "0-1"]
[WhiteElo "1836"]
[BlackElo "1670"]
[PlyCount "56"]
[EventDate "2015.??.??"]
[WhiteTeam "SF Dettingen"]
[BlackTeam "vereinslos"]

1. c4 Nf6 2. g3 c6 3. Bg2 d6 4. Nc3 e5 5. d3 Bg4 6. Nf3 Be7 7. O-O Nbd7 8. a3
h6 9. b4 O-O 10. Rb1 b6 11. b5 cxb5 12. Nxb5 a6 13. Nc3 Rc8 14. Bb2 Nc5 15. Na4
Nfd7 16. h3 Bh5 17. g4 Bg6 18. Nd2 Ne6 19. Bb7 Rc7 20. Bxa6 f5 21. e4 fxg4 22.
Qxg4 Nf4 23. Nc3 Bh5 24. Qg3 Bh4 25. Qh2 Qg5+ 26. Kh1 Nxd3 27. f3 Bg3 28. Qg2
Nf4 0-1

[Event "Sparkassen-Open A"]
[Site "Heusenstamm, Martinsee"]
[Date "2015.11.29"]
[Round "6.70"]
[White "Köllner, Aaron Noah"]
[Black "Hinrichs, Paul"]
[Result "1-0"]
[WhiteElo "1632"]
[BlackElo "1711"]
[PlyCount "61"]
[EventDate "2015.??.??"]
[WhiteTeam "SV Bergneustadt/Derschlag"]
[BlackTeam "SK Bingen"]

1. d4 d5 2. Nf3 Nf6 3. e3 c6 4. Bd3 e6 5. O-O Nbd7 6. Nbd2 Be7 7. c3 O-O 8. e4
dxe4 9. Nxe4 Nxe4 10. Bxe4 Nf6 11. Bc2 c5 12. Be3 b6 13. dxc5 Bxc5 14. Bxc5
bxc5 15. Qe2 Qb6 16. Rfd1 Ba6 17. Bd3 Bb7 18. Rd2 Nd5 19. Rad1 Nf4 20. Qe3 Nxd3
21. Qxd3 Qa5 22. Ng5 g6 23. Qh3 h5 24. g4 c4 25. Qh4 Qc5 26. gxh5 f6 27. Nxe6
Qc6 28. Rd5 gxh5 29. Qxh5 Qxe6 30. Qg6+ Kh8 31. Rh5# 1-0

[Event "Sparkassen-Open A"]
[Site "Heusenstamm, Martinsee"]
[Date "2015.11.29"]
[Round "6.71"]
[White "Weiland, Thomas"]
[Black "Friedel, Thomas"]
[Result "1/2-1/2"]
[WhiteElo "1812"]
[BlackElo "1615"]
[PlyCount "84"]
[EventDate "2015.??.??"]
[WhiteTeam "SV Oberursel"]
[BlackTeam "SV Groß-Gerau"]

1. e4 e5 2. Nf3 Nc6 3. Bc4 Be7 4. d4 exd4 5. Nxd4 Ne5 6. Bb3 d6 7. O-O Nf6 8.
Nc3 O-O 9. h3 a6 10. a4 Bd7 11. Re1 Re8 12. Bf4 Bf8 13. Bg5 Be7 14. f4 Nc6 15.
Nf3 h6 16. Bh4 Nh7 17. Bxe7 Nxe7 18. Kh1 Ng6 19. f5 Ne5 20. Nxe5 Rxe5 21. Qh5
Be8 22. Nd5 Nf6 23. Nxf6+ Qxf6 24. c3 Bc6 25. Qg4 Rae8 26. Bc2 d5 27. Qg3 dxe4
28. Rf1 R8e7 29. Qg4 Bd7 30. Rad1 Rxf5 31. Rxf5 Bxf5 32. Rd8+ Kh7 33. Qf4 Qe5
34. Qe3 Bd7 35. Bxe4+ f5 36. Qd2 Qxe4 37. Rxd7 Qe1+ 38. Kh2 Qe5+ 39. Kg1 Qc5+
40. Kh1 Rxd7 41. Qxd7 Qe5 42. Qc8 Qe1+ 1/2-1/2

[Event "Sparkassen-Open A"]
[Site "Heusenstamm, Martinsee"]
[Date "2015.11.29"]
[Round "6.72"]
[White "Jordake, Michael"]
[Black "Kunisch, Nina"]
[Result "1/2-1/2"]
[WhiteElo "1810"]
[BlackElo "1406"]
[PlyCount "85"]
[EventDate "2015.??.??"]
[WhiteTeam "SC Bergen-Enkheim"]
[BlackTeam "TV-Großostheim"]

1. Nf3 c5 2. b3 Nf6 3. Bb2 g6 4. e3 a6 5. Be2 Bg7 6. O-O O-O 7. c4 d6 8. h3 Nc6
9. d3 Rb8 10. Qd2 b5 11. Na3 b4 12. Nc2 Ne4 13. dxe4 Bxb2 14. Rab1 Bc3 15. Qd5
Bb7 16. Qg5 Ne5 17. Nxe5 Bxe5 18. Bd3 Bf6 19. Qg3 Qd7 20. f4 Qe6 21. Qf3 Bg7
22. f5 gxf5 23. Qxf5 Qxf5 24. exf5 Rfd8 25. e4 a5 26. Ne1 Bd4+ 27. Kh2 e6 28.
g3 d5 29. exd5 exd5 30. Nf3 dxc4 31. Bxc4 Bd5 32. Be2 Bc6 33. Nxd4 cxd4 34. Bd3
Bb5 35. Rbd1 Bxd3 36. Rxd3 Rbc8 37. Rd2 d3 38. Rfd1 Kg7 39. Kg1 Rc3 40. Kf2 Kf6
41. g4 Kg5 42. Kg3 h6 43. h4+ 1/2-1/2

[Event "Sparkassen-Open A"]
[Site "Heusenstamm, Martinsee"]
[Date "2015.11.29"]
[Round "6.73"]
[White "von Kortzfleisch, Ruben"]
[Black "Lanz, Udo"]
[Result "0-1"]
[WhiteElo "1379"]
[BlackElo "1781"]
[PlyCount "60"]
[EventDate "2015.??.??"]
[WhiteTeam "SF Bad Mergentheim"]
[BlackTeam "VSG Offenbach"]

1. e4 c6 2. d4 d5 3. exd5 cxd5 4. Bd3 Nf6 5. h3 Nc6 6. c3 a6 7. Nf3 e6 8. Nbd2
b5 9. O-O Be7 10. Qe2 b4 11. Ne5 Nxe5 12. dxe5 Nd7 13. cxb4 Bxb4 14. a3 Be7 15.
b4 O-O 16. Nb3 Re8 17. Bd2 f6 18. exf6 Bxf6 19. Rac1 e5 20. Rfe1 e4 21. f3 e3
22. Bxe3 d4 23. Be4 Bb7 24. Bxd4 Bxe4 25. fxe4 Ne5 26. Bxe5 Bxe5 27. Nc5 Qg5
28. Nxa6 Qg3 29. Nc7 Rf8 30. Qc4+ Kh8 0-1